000 00805nam a2200325Ia 4500
001 Z_3416
003 CHAP
008 220113s1993 xx 000 0 und d
010 _a166537
040 _cCHAP
082 _a630.946 C6
100 _aCubero, J. I.
_929983
245 _aLa agricultura del siglo XXI /
_cpor J. I. Cubero
260 _aMadrid :
_bMundi-Prensa,
_c1993
300 _a287 p.
440 _a
500 _a
503 _a207379
650 _aAgricultura
_xEspaña
_9140615
650 _aBiotecnología vegetal I. Moreno, Ma. T
_9140616
650 _aDesertificación
_932128
650 _aGanadería
_944604
650 _aRecursos naturales
_xConservación
901 _a630.946 C6
902 _aA
910 _a1993
942 _c1
942 _cc1
999 _c166537
_d166537